Water conservation at microscopic level (Record no. 550817)

000 -LEADER
fixed length control field 00343nam a22001337a 4500
082 ## - DEWEY DECIMAL CLASSIFICATION NUMBER
Classification number P-504
100 ## - MAIN ENTRY--PERSONAL NAME
Personal name Muhammad Umar
9 (RLIN) 15842
245 ## - TITLE STATEMENT
Title Water conservation at microscopic level
Remainder of title Muhammad Umar, Usman Saeed
260 ## - PUBLICATION, DISTRIBUTION, ETC.
Place of publication, distribution, etc. MCE
Date of publication, distribution, etc. 2013.
526 ## - STUDY PROGRAM INFORMATION NOTE
Program name 0
Interest level 0
Reading level 0
Title point value P_504
650 ## - SUBJECT ADDED ENTRY--TOPICAL TERM
Topical term or geographic name entry element Project
700 ## - ADDED ENTRY--PERSONAL NAME
Personal name Naeem Shahzad
9 (RLIN) 18655
942 ## - ADDED ENTRY ELEMENTS (KOHA)
Source of classification or shelving scheme
Koha item type Book
Holdings
Withdrawn status Lost status Source of classification or shelving scheme Damaged status Not for loan Permanent Location Current Location Date acquired Total Checkouts Full call number Barcode Date last seen Price effective from Koha item type Public note
          Military College of Engineering (MCE) Military College of Engineering (MCE) 11/26/2014   P-504 MCE-P-504 11/26/2014 11/26/2014 Book Project
© 2023 Central Library, National University of Sciences and Technology. All Rights Reserved.